00532 2200205 4500001002100000005001500021008004100036020001800077035001900095041000700114082001400121090002000135100002400155245003200179260003200211300003100243650001000274990001900284990002300303INLIS00000000000072520241224112224241224||||||||| | ||| |||| || |  a979-017-029-7 0010-1224000725 aid0 a297.41225 a297.41225 AYY k0 aMuhammad Abu Ayyash00aKeajaiban Shalat Istikharah aJakartabQultum Mediac2008 axii + 108 hlm,; 13 x 19 cm 0aAgama a05.17.01.03.01 a05.17.01.03.01 001